000 00493cam a2200181ua 4500
020 _a81 7635 201 2
_c450.00
041 _aeng
_h
082 _a005.369
_bAPP/DA
100 _aAppleman, Dan .
245 _aDan Applemans developing COM/ACTIVEX/components with visual basic 6 /
_cDan Appleman.
_hTextual Documents
250 _a1 /
_b.
260 _aNewdelhi :
_bTechmedia ,
_c1999.
300 _a858 ; .
365 _a450.00
504 _a
942 _cBK
999 _c9532
_d9532